000 00582nam a2200193Ia 4500
005 20250508155415.0
008 008 250505s9999 xx 000 0 eng d
037 _aBooks to be hide in OPAC
040 _aFEDL
_beng
_cFEDL
041 _aeng
_2eng
084 _a370, IND/O
_qFEDL
100 _aBulkeley J P
_9766970
245 0 _aOccasional reports no. 10 Adult education
245 0 _cIndia. Bureau of Education
260 _aCalcutta, India
_bSuperintendent Government Printing
_c1922
300 _a98p.
942 _cHB
_h370, IND/O
999 _c1356555
_d1356555